Carregant...

Cilappatikaram The tale of an ankklet /

Dades bibliogràfiques
Autor principal: Ilanko Atikal
Idioma:Undetermined
Publicat: New Delhi : Penguin books , 2004.
LEADER 00530nam a2200145Ia 4500
001 182998
008 170722s9999 xx 000 0 und d
100 |a Ilanko Atikal 
245 |a Cilappatikaram  |b The tale of an ankklet / 
260 |a New Delhi :  |b Penguin books ,  |c 2004. 
300 |a xv+419 
500 |a Tr. by R.Parthasarathy with an introduction and postscript 
942 |c GEN 
999 |c 169558  |d 169558 
952 |0 0  |1 0  |4 0  |6 O_311C92_N3  |7 0  |9 234701  |a LIB  |b LIB  |d 2017-08-12  |l 2  |o O31,1C92 -N3  |p G37132  |r 2018-11-03  |s 2018-09-15  |v 350.00  |w 2017-08-12  |y GEN